Valuing a company: Practices and procedures (Record no. 28497)

MARC details
000 -LEADER
fixed length control field 00327nam a2200121Ia 4500
082 ## - DEWEY DECIMAL CLASSIFICATION NUMBER
Classification number 658.114
Item number MCC
100 ## - MAIN ENTRY--AUTHOR NAME
Personal name Healy, Robert E
245 #0 - TITLE STATEMENT
Title Valuing a company: Practices and procedures
260 ## - PUBLICATION, DISTRIBUTION, ETC. (IMPRINT)
Place of publication New York
Name of publisher John Wiley
Year of publication 1971
700 ## - ADDED ENTRY--PERSONAL NAME
Personal name McCarthy, George D
942 ## - ADDED ENTRY ELEMENTS (KOHA)
Koha item type Books
Holdings
Withdrawn status Lost status Damaged status Not for loan Home library Current library Date acquired Cost, normal purchase price Full call number Accession Number Koha item type
        RRII Library RRII Library 16/12/2021 27.50 658.114 MCC 09097 Books